[Event "Cto. FACV Ind. Primera Xeraco 2014"]
[Site "Xeraco ESP"]
[Date "2014.11.08"]
[Round "5.1"]
[White "Colomar Alemany, David"]
[Black "Valdenebro Orihuel, Miguel"]
[Result "0-1"]
[WhiteElo "1804"]
[BlackElo "1850"]
[PlyCount "138"]
[EventDate "2014.09.27"]
[EventType "swiss"]
[EventRounds "7"]
[EventCountry "ESP"]
[Source "lmi"]
[SourceDate "2014.09.27"]

1. d4 d5 2. c4 c6 3. Nc3 e6 4. e4 dxe4 5. Nxe4 Nf6 6. Nxf6+ Qxf6 7. Nf3 Bb4+ 8.
Bd2 Bxd2+ 9. Qxd2 O-O 10. Be2 Rd8 11. Qc2 Nd7 12. O-O Nf8 13. Rad1 Ng6 14. Bd3
Kh8 15. Bxg6 Qxg6 16. Qxg6 hxg6 17. Ne5 Kg8 18. c5 Rb8 19. Rfe1 Bd7 20. Nc4 b6
21. b4 b5 22. Nd6 Ra8 23. Re3 Rdb8 24. Rb1 a5 25. a3 axb4 26. axb4 Ra2 27. Ree1
Rba8 28. Nb7 Rd2 29. Na5 Rxd4 30. Red1 Rxd1+ 31. Rxd1 Ra7 32. g3 Kf8 33. Rd4
Ke7 34. Rd6 g5 35. Kg2 f5 36. Kf3 Ra8 37. h4 gxh4 38. gxh4 Rh8 39. Kg3 Rh6 40.
Nxc6+ Bxc6 41. Rxc6 Rg6+ 42. Kh3 Rg4 43. Rc7+ Kf6 44. Rb7 Rxb4 45. c6 Rc4 46.
c7 b4 47. Kg3 b3 48. Rxb3 Rxc7 49. Ra3 Rc4 50. Rb3 Rg4+ 51. Kh3 g5 52. hxg5+
Rxg5 53. Rb5 f4 54. Rb3 Kf5 55. Ra3 e5 56. Rb3 Ke4 57. Ra3 Rg7 58. Rb3 Kd4 59.
Rb8 f3 60. Rd8+ Ke4 61. Ra8 Kf4 62. Rf8+ Ke4 63. Ra8 Rg2 64. Ra4+ Kf5 65. Ra2
Kf4 66. Ra4+ e4 67. Ra2 Rxf2 68. Rxf2 e3 69. Ra2 e2 0-1

[Event "Cto. FACV Ind. Primera Xeraco 2014"]
[Site "Xeraco ESP"]
[Date "2014.11.08"]
[Round "5.2"]
[White "Albert Molla, Jose Maria"]
[Black "Fenollar Marti, Jordi"]
[Result "0-1"]
[WhiteElo "1710"]
[BlackElo "1836"]
[PlyCount "66"]
[EventDate "2014.09.27"]
[EventType "swiss"]
[EventRounds "7"]
[EventCountry "ESP"]
[Source "lmi"]
[SourceDate "2014.09.27"]

1. e4 e6 2. d4 d5 3. Nc3 Nf6 4. e5 Nfd7 5. Nf3 c5 6. Bf4 Nc6 7. Bb5 Qb6 8. Bxc6
bxc6 9. Na4 Qa5+ 10. c3 cxd4 11. Nxd4 c5 12. Nf3 Ba6 13. Rb1 Bb5 14. b3 Bxa4
15. bxa4 Qxc3+ 16. Bd2 Qc4 17. Rb3 Be7 18. a5 O-O 19. Rc3 Qa6 20. Qa4 d4 21.
Rc4 Rfd8 22. O-O Rab8 23. Qc2 Qb5 24. Rc1 a6 25. Qe4 Kh8 26. g4 Qb7 27. Qf4 Rf8
28. Qg3 f6 29. Nh4 Nxe5 30. R4c2 g5 31. Ng2 Qf3 32. Qxf3 Nxf3+ 33. Kh1 d3 0-1

[Event "Cto. FACV Ind. Primera Xeraco 2014"]
[Site "Xeraco ESP"]
[Date "2014.11.08"]
[Round "5.3"]
[White "Arlandis Clari, Enrique"]
[Black "Sifre Montalva, Alfredo"]
[Result "0-1"]
[WhiteElo "1894"]
[BlackElo "1783"]
[PlyCount "82"]
[EventDate "2014.09.27"]
[EventType "swiss"]
[EventRounds "7"]
[EventCountry "ESP"]
[Source "lmi"]
[SourceDate "2014.09.27"]

1. e4 g6 2. d4 Bg7 3. Nc3 d6 4. Be2 Nf6 5. Nf3 O-O 6. O-O c6 7. h3 b5 8. a3 Bb7
9. e5 Ne8 10. Bf4 Nd7 11. Bg3 dxe5 12. dxe5 Nc7 13. Qd4 Ne6 14. Qh4 f6 15. Rad1
Qe8 16. Bc4 bxc4 17. Qxc4 Ndc5 18. b4 Ba6 19. Qa2 Bxf1 20. bxc5 Qf7 21. Kxf1
Nxc5 22. Nd4 Qxa2 23. Nxa2 Rad8 24. Ke1 fxe5 25. Nxc6 Rxd1+ 26. Kxd1 Kf7 27.
Nxe5+ Bxe5 28. Bxe5 Ke6 29. Bd4 Rd8 30. c3 Nb3 31. Nb4 Nxd4 32. cxd4 Rxd4+ 33.
Ke2 Kd6 34. g3 e5 35. Nc2 Rc4 36. Kd3 Rc7 37. Nb4 a5 38. Nc2 Rb7 39. Kd2 Rb3
40. Ne3 Kc5 41. Nc2 Kd5 0-1

[Event "Cto. FACV Ind. Primera Xeraco 2014"]
[Site "Xeraco ESP"]
[Date "2014.11.08"]
[Round "5.4"]
[White "Alminana Alminana, Ximo"]
[Black "Marques Chaveli, Francisco"]
[Result "0-1"]
[WhiteElo "1778"]
[BlackElo "1882"]
[PlyCount "66"]
[EventDate "2014.09.27"]
[EventType "swiss"]
[EventRounds "7"]
[EventCountry "ESP"]
[Source "lmi"]
[SourceDate "2014.09.27"]

1. d4 Nf6 2. c4 g6 3. Nc3 Bg7 4. e4 d6 5. Nf3 O-O 6. Be2 e5 7. d5 a5 8. b3 Na6
9. O-O Nh5 10. g3 Nc5 11. Re1 f5 12. Bf1 fxe4 13. Nxe4 Nxe4 14. Rxe4 Bf5 15.
Bg5 Bxe4 16. Bxd8 Bxf3 17. Be2 Bxe2 18. Qxe2 Raxd8 19. Rf1 Rde8 20. Qe4 Nf6 21.
Qe3 b6 22. h3 Nd7 23. Re1 Nc5 24. f3 e4 25. fxe4 Rxe4 26. Qd2 Bd4+ 27. Kh1
Rxe1+ 28. Qxe1 Nd3 29. Qe6+ Kg7 30. h4 Ne5 31. h5 Rf1+ 32. Kg2 Rg1+ 33. Kh2
Nf3+ 0-1

[Event "Cto. FACV Ind. Primera Xeraco 2014"]
[Site "Xeraco ESP"]
[Date "2014.11.08"]
[Round "5.5"]
[White "Sanmateu Juan, Sergio"]
[Black "Banuls Perez, Andres"]
[Result "1-0"]
[WhiteElo "1612"]
[BlackElo "1691"]
[PlyCount "62"]
[EventDate "2014.09.27"]
[EventType "swiss"]
[EventRounds "7"]
[EventCountry "ESP"]
[Source "lmi"]
[SourceDate "2014.09.27"]

1. e4 e6 2. c4 b6 3. Nc3 Bb7 4. d4 Bb4 5. Bd3 Ne7 6. Nge2 d5 7. Qa4+ Nbc6 8.
O-O Bxc3 9. bxc3 O-O 10. Ba3 dxc4 11. Bxc4 a6 12. Qc2 Re8 13. Rad1 Na5 14. Bd3
Ng6 15. f3 c6 16. c4 Rc8 17. Qb2 Qc7 18. Rb1 b5 19. Rfc1 Nf4 20. Nxf4 Qxf4 21.
Qe2 Qf6 22. Bc5 Ba8 23. Bb6 Nb7 24. a4 c5 25. e5 Qe7 26. d5 exd5 27. axb5 axb5
28. Rxb5 Qxe5 29. Qxe5 Rxe5 30. cxd5 Rxd5 31. Be4 g6 1-0

[Event "Cto. FACV Ind. Primera Xeraco 2014"]
[Site "Xeraco ESP"]
[Date "2014.11.15"]
[Round "6.2"]
[White "Lopez Rojas, Luis"]
[Black "Fenollar Marti, Jordi"]
[Result "0-1"]
[WhiteElo "1531"]
[BlackElo "1836"]
[PlyCount "86"]
[EventDate "2014.09.27"]
[EventType "swiss"]
[EventRounds "7"]
[EventCountry "ESP"]

1. d4 d5 2. c4 c6 3. Nc3 Nf6 4. Bf4 dxc4 5. e4 b5 6. a3 e6 7. h3 Bb7 8. Nf3 Qb6
9. Be2 c5 10. d5 a6 11. O-O exd5 12. exd5 Bd6 13. Ne5 O-O 14. Bg3 Rd8 15. Bf3
Qc7 16. Re1 Re8 17. Ng4 Rxe1+ 18. Qxe1 Nbd7 19. Nxf6+ Nxf6 20. Qd2 Bxg3 21.
fxg3 Qxg3 22. Ne2 Qe5 23. Rd1 Re8 24. Kf2 Ne4+ 25. Bxe4 Qxe4 26. Nf4 Kf8 27. d6
Rd8 28. Qe3 Qxe3+ 29. Kxe3 g6 30. Rd2 Ke8 31. g3 Kd7 32. h4 Kc6 33. Nh3 h6 34.
Kf4 Rxd6 35. Rxd6+ Kxd6 36. g4 b4 37. axb4 cxb4 38. Ke3 Ke5 39. Nf4 g5 40. hxg5
hxg5 41. Ne2 a5 42. Nc1 Bc8 43. Kf3 Kd4 0-1

[Event "Cto. FACV Ind. Primera Xeraco 2014"]
[Site "Xeraco ESP"]
[Date "2014.11.15"]
[Round "6.3"]
[White "Albert Molla, Jose Maria"]
[Black "Colomar Alemany, David"]
[Result "1/2-1/2"]
[WhiteElo "1710"]
[BlackElo "1804"]
[PlyCount "109"]
[EventDate "2014.09.27"]
[EventType "swiss"]
[EventRounds "7"]
[EventCountry "ESP"]

1. e4 e6 2. d4 d5 3. exd5 exd5 4. c4 Nf6 5. Nf3 Be7 6. Nc3 O-O 7. Bd3 dxc4 8.
Bxc4 c5 9. d5 a6 10. a4 Bd6 11. O-O Bg4 12. Qd3 Nbd7 13. Bg5 Re8 14. Rfe1 Qc7
15. Bxf6 Nxf6 16. h3 Bh5 17. Nd2 Bg6 18. Qf3 Re7 19. Rxe7 Qxe7 20. Kf1 Re8 21.
Qe2 Qc7 22. Qf3 Qe7 23. Qe2 Qd7 24. Qf3 Bh5 25. Qd3 Qe7 26. Nf3 Bg6 27. Qd2 Ne4
28. Nxe4 Qxe4 29. b3 Qe7 30. Re1 Qd7 31. Rxe8+ Qxe8 32. Qe2 Kf8 33. Qxe8+ Kxe8
34. Ke2 f6 35. Nh4 Bb1 36. Bd3 Bxd3+ 37. Kxd3 g6 38. g4 Ke7 39. Nf3 Bf4 40. Ke4
Bc1 41. Ne1 Kd6 42. Nd3 Bd2 43. f4 b5 44. f5 c4 45. bxc4 bxc4 46. fxg6 hxg6 47.
Nf2 Kc5 48. d6 Kxd6 49. Kd4 c3 50. Ne4+ Kc6 51. Nxc3 Bxc3+ 52. Kxc3 g5 53. Kd4
Kb6 54. Kc4 Kc6 55. a5 1/2-1/2

[Event "Cto. FACV Ind. Primera Xeraco 2014"]
[Site "Xeraco ESP"]
[Date "2014.11.15"]
[Round "6.4"]
[White "Sifre Montalva, Alfredo"]
[Black "Sanmateu Juan, Sergio"]
[Result "1-0"]
[WhiteElo "1783"]
[BlackElo "1612"]
[PlyCount "51"]
[EventDate "2014.09.27"]
[EventType "swiss"]
[EventRounds "7"]
[EventCountry "ESP"]

1. c4 e6 2. Nc3 d5 3. d4 Nf6 4. Nf3 Be7 5. Bf4 a6 6. e3 O-O 7. Rc1 b6 8. cxd5
exd5 9. Bd3 Be6 10. Ng5 Bg4 11. Qc2 h6 12. Nh7 Re8 13. Nxf6+ Bxf6 14. O-O c5
15. dxc5 bxc5 16. Bf5 Bxf5 17. Qxf5 d4 18. Nd5 Bg5 19. Nc7 Bxf4 20. Qxf4 Nd7
21. Nxa8 Qxa8 22. exd4 cxd4 23. Qxd4 Nf6 24. Rc7 Qb8 25. Qc4 Nd5 26. Rd7 1-0

[Event "Cto. FACV Ind. Primera Xeraco 2014"]
[Site "Xeraco ESP"]
[Date "2014.11.15"]
[Round "6.6"]
[White "Santamaria Bo, Jose Maria"]
[Black "Cerda Revert, Jose Maria"]
[Result "1/2-1/2"]
[WhiteElo "1762"]
[BlackElo "1719"]
[PlyCount "65"]
[EventDate "2014.09.27"]
[EventType "swiss"]
[EventRounds "7"]
[EventCountry "ESP"]

1. e4 e5 2. Nf3 Nc6 3. Bb5 a6 4. Ba4 b5 5. Bb3 Na5 6. O-O Nxb3 7. axb3 d6 8. h3
Nf6 9. d4 exd4 10. Nxd4 Bd7 11. Re1 Be7 12. Nc3 O-O 13. Bf4 h6 14. e5 dxe5 15.
Bxe5 c5 16. Nf3 Bc6 17. Re3 Qc8 18. Nh2 Rd8 19. Qe2 Qb7 20. f3 Nd5 21. Nxd5
Bxd5 22. Rd1 c4 23. bxc4 Bxc4 24. Rxd8+ Rxd8 25. Qe1 Bc5 26. Ng4 Rd5 27. Qg3
Kh7 28. Kh2 Bxe3 29. Nxe3 f6 30. Nxd5 Qxd5 31. Bd6 Qd2 32. Bf8 Qg5 33. Qxg5
1/2-1/2

[Event "Cto. FACV Ind. Primera Xeraco 2014"]
[Site "Xeraco ESP"]
[Date "2014.11.15"]
[Round "6.7"]
[White "Banuls Perez, Andres"]
[Black "Villanueva Claramonte, Ramon"]
[Result "1/2-1/2"]
[WhiteElo "1691"]
[BlackElo "1823"]
[PlyCount "40"]
[EventDate "2014.09.27"]
[EventType "swiss"]
[EventRounds "7"]
[EventCountry "ESP"]

1. d4 d5 2. Nf3 Nf6 3. c3 Bf5 4. Bf4 e6 5. e3 Bd6 6. Bxd6 Qxd6 7. Bd3 Bxd3 8.
Qxd3 Nbd7 9. Nbd2 O-O 10. O-O c5 11. Qc2 cxd4 12. exd4 b5 13. a3 Rfc8 14. Qd3
a6 15. Rfe1 Nb6 16. b4 Na4 17. Rac1 Ra7 18. Nb3 Nb2 19. Qe2 Nc4 20. Qa2 Nd7
1/2-1/2

[Event "Cto. FACV Ind. Primera Xeraco 2014"]
[Site "Xeraco ESP"]
[Date "2014.11.15"]
[Round "6.8"]
[White "Sala Espi, Antonio"]
[Black "Alminana Alminana, Ximo"]
[Result "1/2-1/2"]
[WhiteElo "1696"]
[BlackElo "1778"]
[PlyCount "47"]
[EventDate "2014.09.27"]
[EventType "swiss"]
[EventRounds "7"]
[EventCountry "ESP"]

1. e4 e5 2. Nf3 Nc6 3. Bc4 Nf6 4. d3 h6 5. O-O Bc5 6. c3 d6 7. d4 exd4 8. cxd4
Bb4 9. a3 Ba5 10. b4 Bb6 11. e5 dxe5 12. Qb3 O-O 13. dxe5 Nd4 14. Nxd4 Bxd4 15.
Bb2 Bxb2 16. Qxb2 Ne8 17. Nd2 b6 18. Rad1 Bb7 19. Nf3 Qe7 20. Rd3 Rd8 21. Rfd1
Rxd3 22. Rxd3 c5 23. bxc5 Qxc5 24. Qb4 1/2-1/2

[Event "Cto. FACV Ind. Primera Xeraco 2014"]
[Site "Xeraco ESP"]
[Date "2014.11.15"]
[Round "6.9"]
[White "Bataller Garcia, Adolfo"]
[Black "Egea Herrero, Albert"]
[Result "1-0"]
[WhiteElo "1498"]
[BlackElo "1287"]
[PlyCount "62"]
[EventDate "2014.09.27"]
[EventType "swiss"]
[EventRounds "7"]
[EventCountry "ESP"]

1. e4 e5 2. Nf3 Nc6 3. d4 exd4 4. Bc4 Bc5 5. c3 dxc3 6. Bxf7+ Kxf7 7. Qd5+ Ke8
8. Qh5+ g6 9. Qxc5 Qe7 10. Qxc3 Nf6 11. O-O d6 12. Bg5 Rf8 13. Nbd2 Bg4 14. Bh6
Rf7 15. Ng5 Ng8 16. Nxf7 Qxf7 17. Qh8 Nce7 18. Bg5 Kd7 19. Bxe7 Qxe7 20. Qd4
Qg5 21. f4 Qe7 22. Rae1 c5 23. Qd5 Kc7 24. f5 Nf6 25. Qb3 Rh8 26. h3 gxf5 27.
hxg4 Nxg4 28. exf5 Qg7 29. Qe6 Rg8 30. Qe7+ Qxe7 31. Rxe7+ Kc6 1-0

[Event "Cto. FACV Ind. Primera Xeraco 2014"]
[Site "Xeraco ESP"]
[Date "2014.11.22"]
[Round "7.1"]
[White "Valdenebro Orihuel, Miguel"]
[Black "Marques Chaveli, Francisco"]
[Result "1-0"]
[WhiteElo "1850"]
[BlackElo "1882"]
[PlyCount "77"]
[EventDate "2014.09.27"]
[EventType "swiss"]
[EventRounds "7"]
[EventCountry "ESP"]

1. d4 Nf6 2. Nf3 g6 3. c4 Bg7 4. Nc3 O-O 5. e4 d6 6. Be2 e5 7. Bg5 Qe8 8. dxe5
dxe5 9. Nd5 Nxd5 10. cxd5 c6 11. O-O cxd5 12. Qxd5 Nc6 13. Bb5 Be6 14. Qd2 f6
15. Be3 Qf7 16. Bxc6 bxc6 17. Qa5 Rfd8 18. b3 Bg4 19. Nd2 Qb7 20. Rac1 Bf8 21.
Bc5 Bxc5 22. Rxc5 Qb6 23. Nc4 Qb7 24. Qc3 Be2 25. Rc1 Qd7 26. h3 Qd4 27. Qxd4
exd4 28. Nd2 Rd6 29. Rxc6 Rxc6 30. Rxc6 Kf7 31. f3 a5 32. Kf2 d3 33. Ke3 a4 34.
b4 a3 35. b5 Ra5 36. Nc4 Ra4 37. b6 Rb4 38. b7 Bf1 39. Rb6 1-0

[Event "Cto. FACV Ind. Primera Xeraco 2014"]
[Site "Xeraco ESP"]
[Date "2014.11.22"]
[Round "7.2"]
[White "Fenollar Marti, Jordi"]
[Black "Sifre Montalva, Alfredo"]
[Result "1-0"]
[WhiteElo "1836"]
[BlackElo "1783"]
[PlyCount "57"]
[EventDate "2014.09.27"]
[EventType "swiss"]
[EventRounds "7"]
[EventCountry "ESP"]

1. d4 d5 2. c4 e5 3. dxe5 d4 4. Nf3 Nc6 5. a3 Bg4 6. Bf4 Qd7 7. h3 Bxf3 8. exf3
Qe6 9. Bd3 Nxe5 10. O-O Nxd3 11. Qxd3 O-O-O 12. Nd2 Ne7 13. Rfe1 Qf5 14. Qxf5+
Nxf5 15. Ne4 f6 16. c5 g5 17. Bh2 Be7 18. Ng3 Nxg3 19. Rxe7 Nf5 20. Rxc7+ Kb8
21. Rxh7+ Ka8 22. Rxh8 Rxh8 23. Rd1 Rd8 24. f4 d3 25. Kf1 Ne7 26. fxg5 fxg5 27.
Bd6 Nf5 28. Rxd3 b6 29. Rd5 1-0

[Event "Cto. FACV Ind. Primera Xeraco 2014"]
[Site "Xeraco ESP"]
[Date "2014.11.22"]
[Round "7.4"]
[White "Colomar Alemany, David"]
[Black "Cerda Revert, Jose Maria"]
[Result "1-0"]
[WhiteElo "1804"]
[BlackElo "1719"]
[PlyCount "89"]
[EventDate "2014.09.27"]
[EventType "swiss"]
[EventRounds "7"]
[EventCountry "ESP"]

1. d4 d5 2. c4 c6 3. Nc3 Nf6 4. Nf3 Bf5 5. Qb3 Qb6 6. c5 Qxb3 7. axb3 Nbd7 8.
Bf4 a6 9. e3 h6 10. h3 e6 11. b4 Be7 12. b5 cxb5 13. Nxb5 O-O 14. Nd6 Bxd6 15.
Bxd6 Rfe8 16. Be2 Ne4 17. Bf4 f6 18. O-O g5 19. Bh2 Bg6 20. Rfd1 Nb8 21. Nd2
Nxd2 22. Rxd2 Nc6 23. Bd6 Red8 24. b4 Nxb4 25. Be7 Rd7 26. Bxf6 Nc6 27. Bg4 Kf7
28. Be5 Nxe5 29. dxe5 Rc8 30. Rc1 Rdc7 31. Rb2 Bd3 32. Rb6 Rd7 33. c6 Rdc7 34.
Bxe6+ Ke7 35. Bxc8 Rxc8 36. Rxb7+ Ke6 37. f4 Bc4 38. Rh7 gxf4 39. exf4 Kf5 40.
Rxh6 Kxf4 41. Re1 d4 42. Rd6 d3 43. e6 Bb5 44. e7 Rxc6 45. Rxd3 1-0

[Event "Cto. FACV Ind. Primera Xeraco 2014"]
[Site "Xeraco ESP"]
[Date "2014.11.22"]
[Round "7.5"]
[White "Sanmateu Juan, Sergio"]
[Black "Lopez Rojas, Luis"]
[Result "1-0"]
[WhiteElo "1612"]
[BlackElo "1531"]
[PlyCount "68"]
[EventDate "2014.09.27"]
[EventType "swiss"]
[EventRounds "7"]
[EventCountry "ESP"]

1. e4 c5 2. Nc3 d6 3. g3 Nc6 4. Bg2 Nf6 5. d3 h6 6. f4 Bg4 7. Nf3 e5 8. h3 Bd7
9. O-O exf4 10. gxf4 Qc7 11. Bd2 Be7 12. Qe1 O-O-O 13. Nb5 Qb6 14. c4 Nb4 15.
Bxb4 cxb4+ 16. Kh1 Nh5 17. Nh4 Bxb5 18. cxb5 Qxb5 19. Nf5 Bf6 20. d4 Rhe8 21.
e5 Qd3 22. Ne3 dxe5 23. dxe5 Be7 24. Rc1+ Kb8 25. Qf2 Qd2 26. Qf3 Qd7 27. Qxh5
Qb5 28. Rfd1 g6 29. Qf3 Rd7 30. Rxd7 Qxd7 31. Nd5 Bd8 32. Nxb4 Bb6 33. Na6+ Ka8
34. Nc7+ Kb8 1-0

[Event "Cto. FACV Ind. Primera Xeraco 2014"]
[Site "Xeraco ESP"]
[Date "2014.11.22"]
[Round "7.7"]
[White "Villanueva Claramonte, Ramon"]
[Black "Bataller Garcia, Adolfo"]
[Result "1-0"]
[WhiteElo "1823"]
[BlackElo "1498"]
[PlyCount "55"]
[EventDate "2014.09.27"]
[EventType "swiss"]
[EventRounds "7"]
[EventCountry "ESP"]

1. d4 Nf6 2. c4 e6 3. Nc3 d5 4. Bg5 Be7 5. e3 c6 6. Nf3 Nbd7 7. Bd3 h6 8. Bh4
Nh7 9. Bxe7 Qxe7 10. O-O O-O 11. Rc1 e5 12. dxe5 Nxe5 13. Nxe5 Qxe5 14. cxd5
cxd5 15. Bxh7+ Kxh7 16. Qxd5 Qe7 17. Rfd1 Be6 18. Qe4+ Kg8 19. Nd5 Qg5 20. Nc7
Bf5 21. Qe5 Rac8 22. e4 Rfd8 23. exf5 Rd2 24. Rxd2 Qxd2 25. Rf1 Qc2 26. Nd5 Rc5
27. Qe8+ Kh7 28. Ne7 1-0

[Event "Cto. FACV Ind. Primera Xeraco 2014"]
[Site "Xeraco ESP"]
[Date "2014.11.22"]
[Round "7.9"]
[White "Egea Herrero, Albert"]
[Black "Sala Espi, Antonio"]
[Result "1-0"]
[WhiteElo "1287"]
[BlackElo "1696"]
[PlyCount "91"]
[EventDate "2014.09.27"]
[EventType "swiss"]
[EventRounds "7"]
[EventCountry "ESP"]

1. e4 c5 2. Nf3 d6 3. d4 cxd4 4. Nxd4 Nf6 5. Nc3 a6 6. Be2 e5 7. Nb3 Be6 8. Be3
Be7 9. Qd3 Qc7 10. f4 b5 11. f5 Bc4 12. Qd2 Nbd7 13. Bxc4 bxc4 14. Nc1 Qb7 15.
b3 Nxe4 16. Qd5 Qxd5 17. Nxd5 Rc8 18. Nxe7 Kxe7 19. Ne2 cxb3 20. cxb3 d5 21.
O-O d4 22. Bc1 Rc2 23. Ng3 Nxg3 24. hxg3 Rhc8 25. Ba3+ Ke8 26. Rfc1 Rxc1+ 27.
Rxc1 Rxc1+ 28. Bxc1 h6 29. Kf2 Nc5 30. Ke2 Kd7 31. Ba3 a5 32. Bxc5 g6 33. fxg6
fxg6 34. Kd3 Kc6 35. Bf8 Kd5 36. Bg7 e4+ 37. Kd2 h5 38. a3 g5 39. b4 axb4 40.
axb4 Kc4 41. b5 Kxb5 42. Bxd4 Kc4 43. Ke3 Kd5 44. Bf6 Ke6 45. Bxg5 Kf5 46. Bf4
1-0

[Event "Cto. FACV Ind. Segunda Alzira 2014"]
[Site "Alzira ESP"]
[Date "2014.10.04"]
[Round "2.1"]
[White "Mira Barea, Aaron"]
[Black "Dominguez Gandia, Jose Miguel"]
[Result "0-1"]
[WhiteElo "1222"]
[BlackElo "1560"]
[PlyCount "54"]
[EventDate "2014.09.27"]
[EventType "swiss"]
[EventRounds "7"]
[EventCountry "ESP"]
[Source "lmi"]
[SourceDate "2014.09.27"]

1. c4 c5 2. g3 e5 3. Bg2 Nf6 4. Nc3 d6 5. e3 g6 6. Nge2 Bg7 7. b4 O-O 8. bxc5
dxc5 9. Rb1 Nc6 10. Rb5 Qe7 11. Ba3 Nb4 12. d4 Rd8 13. Rxc5 a5 14. Rxe5 Qd7 15.
O-O Bf8 16. Nd5 Nfxd5 17. Bxd5 Bg7 18. Re4 Nxd5 19. cxd5 Qxd5 20. Nc3 Qc4 21.
Qd2 Bh3 22. Re1 Qc6 23. f3 Bf5 24. d5 Qxc3 25. Qxc3 Bxc3 26. Rc1 Bxe4 27. Rxc3
Bxf3 0-1

[Event "Cto. FACV Ind. Segunda Alzira 2014"]
[Site "Alzira ESP"]
[Date "2014.10.04"]
[Round "2.2"]
[White "Pallas Moragues, Gerard"]
[Black "Tormo Talens, Miguel"]
[Result "1-0"]
[WhiteElo "1389"]
[BlackElo "1301"]
[PlyCount "97"]
[EventDate "2014.09.27"]
[EventType "swiss"]
[EventRounds "7"]
[EventCountry "ESP"]
[Source "lmi"]
[SourceDate "2014.09.27"]

1. e4 d6 2. d4 Nf6 3. Nc3 g6 4. f3 Bg7 5. Be3 O-O 6. Qd2 c6 7. g4 Ne8 8. Nge2
e5 9. h4 Qf6 10. Bg2 Qe6 11. O-O-O f6 12. h5 g5 13. Ng3 Qf7 14. Bf1 Be6 15. Kb1
Nd7 16. d5 cxd5 17. exd5 Bxg4 18. fxg4 h6 19. Bd3 Nb6 20. Bxb6 axb6 21. Bf5 Nc7
22. Qd3 Kh8 23. Bg6 Qd7 24. Nf5 Ra5 25. Rhg1 b5 26. Ne3 Rfa8 27. Bf5 Qe8 28.
Qe4 R8a7 29. Rgf1 Na6 30. Bg6 Qe7 31. Nf5 Qf8 32. Qe3 Nc5 33. b4 Ra3 34. Qd2
Ne4 35. Nxe4 Rxa2 36. Nc3 Ra1+ 37. Kb2 R1a3 38. Ra1 Qa8 39. Rxa3 Rxa3 40. Kc1
Ra1+ 41. Nb1 Qa3+ 42. Kd1 Rxb1+ 43. Ke2 Rxb4 44. Qd3 Qa4 45. Nxd6 e4 46. Qc3
Bf8 47. Qxf6+ Bg7 48. Qd8+ Bf8 49. Qxf8# 1-0

[Event "Cto. FACV Ind. Segunda Alzira 2014"]
[Site "Alzira ESP"]
[Date "2014.10.04"]
[Round "2.3"]
[White "Heras Melia, Angel"]
[Black "Lopez Shukina, Diego"]
[Result "1/2-1/2"]
[WhiteElo "1827"]
[BlackElo "1372"]
[PlyCount "118"]
[EventDate "2014.09.27"]
[EventType "swiss"]
[EventRounds "7"]
[EventCountry "ESP"]
[Source "lmi"]
[SourceDate "2014.09.27"]

1. e4 c6 2. d4 d5 3. Nd2 dxe4 4. Nxe4 Bf5 5. Ng3 Bg6 6. Nf3 Nd7 7. h4 h5 8. Bd3
Bxd3 9. Qxd3 Ngf6 10. Bf4 e6 11. O-O Nd5 12. Bg5 Be7 13. Rae1 Qc7 14. Bxe7 Nxe7
15. Ng5 Nf6 16. Re2 Ned5 17. Nxe6 fxe6 18. Qg6+ Kf8 19. Rxe6 Nf4 20. Rxf6+ gxf6
21. Qxf6+ Kg8 22. Nf5 Ne2+ 23. Kh1 Re8 24. Rd1 Nf4 25. g3 Nd5 26. Qg6+ Kf8 27.
Nd6 Re7 28. Rd3 Rhh7 29. Rf3+ Ref7 30. Rxf7+ Rxf7 31. Nxf7 Qxf7 32. Qxf7+ Kxf7
33. c3 b5 34. a3 Kf6 35. Kg2 Kf5 36. Kf3 a5 37. Kg2 Ke4 38. f3+ Kf5 39. Kh3 Ne3
40. g4+ hxg4+ 41. fxg4+ Nxg4 42. Kg3 Ne3 43. h5 Kg5 44. h6 Kxh6 45. Kf4 Nc4 46.
Ke4 Nxb2 47. d5 Nc4 48. dxc6 Nb6 49. Kd4 Kg6 50. Kc5 Nc8 51. Kxb5 Kf6 52. Kxa5
Ke6 53. Ka6 Kd5 54. Kb7 Nd6+ 55. Kc7 Nb5+ 56. Kd7 Nxa3 57. c7 Nc4 58. Kc8 Kc6
59. Kb8 Nd6 1/2-1/2

[Event "Cto. FACV Ind. Segunda Alzira 2014"]
[Site "Alzira ESP"]
[Date "2014.10.04"]
[Round "2.4"]
[White "Iborra Fabra, Ramon"]
[Black "Linares Carrasquer, Jordi"]
[Result "0-1"]
[WhiteElo "1352"]
[BlackElo "1525"]
[PlyCount "68"]
[EventDate "2014.09.27"]
[EventType "swiss"]
[EventRounds "7"]
[EventCountry "ESP"]
[Source "lmi"]
[SourceDate "2014.09.27"]

1. e4 e6 2. d4 d5 3. exd5 exd5 4. Bd3 c5 5. c3 Nc6 6. Ne2 Nf6 7. O-O Be7 8. Be3
c4 9. Bc2 O-O 10. Nd2 Be6 11. Rc1 Rc8 12. Bb1 h6 13. Ng3 Qd7 14. Nf3 Bd6 15.
Qc2 Bxg3 16. fxg3 Ne4 17. Rce1 Bf5 18. Nh4 Bh7 19. Bf4 g5 20. Bxg5 Nxg5 21. Nf5
Bxf5 22. Rxf5 Ne4 23. g4 Ne7 24. Rxe4 dxe4 25. Qxe4 Nxf5 26. gxf5 Rfe8 27. Qg4+
Kf8 28. Qg3 f6 29. Kf2 Qe7 30. Qg6 Qe2+ 31. Kg3 Qe3+ 32. Kg4 Qg5+ 33. Kf3 Qxg6
34. fxg6 Kg7 0-1

[Event "Cto. FACV Ind. Segunda Alzira 2014"]
[Site "Alzira ESP"]
[Date "2014.10.18"]
[Round "3.1"]
[White "Dominguez Gandia, Jose Miguel"]
[Black "Pallas Moragues, Gerard"]
[Result "1-0"]
[WhiteElo "1560"]
[BlackElo "1389"]
[PlyCount "71"]
[EventDate "2014.09.27"]
[EventType "swiss"]
[EventRounds "7"]
[EventCountry "ESP"]
[Source "lmi"]
[SourceDate "2014.09.27"]

1. d4 d5 2. c4 e6 3. Nc3 c5 4. Nf3 Nc6 5. cxd5 exd5 6. e3 Nf6 7. Bb5 Bd7 8. O-O
c4 9. a3 a6 10. Ba4 Bd6 11. Re1 O-O 12. Bd2 Re8 13. Bc2 Bg4 14. h3 Bh5 15. g4
Nxg4 16. hxg4 Bxg4 17. Kg2 Qd7 18. Rh1 Re6 19. Nxd5 Bc7 20. Bxh7+ Kf8 21. Bf5
Kg8 22. Bxg4 Qxd5 23. Bxe6 Qxe6 24. Nh2 Qg6+ 25. Qg4 Qd6 26. Rac1 Re8 27. Qh3
Re6 28. Ng4 Qd5+ 29. f3 Kf8 30. Qh8+ Ke7 31. Rh5 Qd7 32. Rxc4 b5 33. Rcc5 Qd6
34. Be1 Bb6 35. Bh4+ Kd7 36. Rcd5 1-0

[Event "Cto. FACV Ind. Segunda Alzira 2014"]
[Site "Alzira ESP"]
[Date "2014.10.18"]
[Round "3.2"]
[White "Linares Carrasquer, Jordi"]
[Black "Lopez Shukina, Diego"]
[Result "1/2-1/2"]
[WhiteElo "1525"]
[BlackElo "1372"]
[PlyCount "26"]
[EventDate "2014.09.27"]
[EventType "swiss"]
[EventRounds "7"]
[EventCountry "ESP"]
[Source "lmi"]
[SourceDate "2014.09.27"]

1. e4 c6 2. d4 d5 3. exd5 cxd5 4. Nf3 Nc6 5. Bb5 Bd7 6. Nc3 Nf6 7. O-O e6 8. a3
Bd6 9. Re1 O-O 10. Bg5 Be7 11. Ne5 a6 12. Nxc6 Bxc6 13. Bxc6 bxc6 1/2-1/2